| 000 | 00374nam a22001337a 4500 | ||
|---|---|---|---|
| 020 | _qPB. | ||
| 040 | _cFIZZA ISHAQ | ||
| 082 |
_a891.734 _bALE |
||
| 100 |
_aSOLZHENITSYN,ALEXANDER. _9134014 |
||
| 245 |
_aONE DAY IN THE LIFE OF IVAN DENISOVICH / _cALEXANDER SOLZHENITSYN. |
||
| 260 |
_aNEW YORK ; _bA SIGNET BOOK, _c1963. |
||
| 300 |
_a158 P. ; _c7.1X4.3IN |
||
| 942 |
_2ddc _cBK |
||
| 999 |
_c616934 _d616934 |
||